000 00359nam a22001457a 4500
003 OSt
005 20220427111300.0
008 220427b |||||||| |||| 00| 0 eng d
020 _a9780978555183
040 _cHU
082 _a658.5752
100 _aFarson
_936696
245 _aThe Power Of Design A Force For Transforming Everything
942 _2ddc
_cBOOKS
_n0
999 _c35306
_d35306